[Event "45th Olympiad 2024"]
[Site "Budapest HUN"]
[Date "2024.09.15"]
[Round "5.61"]
[Board "3"]
[White "Mendez Machado, Andre"]
[Black "Kodithuwakku, K K Dinujaya"]
[Result "1-0"]
[WhiteElo "2122"]
[BlackElo "1826"]
[PlyCount "121"]
[EventDate "2024.09.11"]
[WhiteTeam "Panama"]
[BlackTeam "Sri Lanka"]
[WhiteTeamCountry "PAN"]
[BlackTeamCountry "SRI"]

1. e4 e5 2. Nf3 Nc6 3. Bc4 Nf6 4. d3 h6 5. c3 d6 6. O-O g5 7. Nbd2 Bg7 8. Bb3 O-O 9. Nc4 ({RR} 9. h3 Be6 10. Re1 Re8 11. Nf1 d5 12. Ng3 a6 13. Nh2 Qd7 14. Nh5 dxe4 15. Nxf6+ Bxf6 16. dxe4 Qxd1 17. Rxd1 h5 18. Nf1 Kg7 19. Bxe6 fxe6 20. Be3 Rad8 21. b4 Ne7 22. Nd2 Nc8 23. Kf1 Nd6 {1-0 Dominguez Perez,L (2748)-Nakamura,H (2802) Saint Louis Blitz 2024 (15.1)}) 9... Ne7 10. Re1 ({RR} 10. h4 g4 11. Nh2 h5 12. g3 Be6 13. f3 gxf3 14. Qxf3 Bh3 15. Rf2 Ng4 16. Nxg4 Bxg4 17. Qg2 Kh8 18. Ne3 f5 19. exf5 Nxf5 20. Nxg4 hxg4 21. Bg5 Qd7 22. Raf1 c6 23. Bd1 Nh6 24. Qe4 Qe6 {1-0 Alekseev,E (2537)-Galkin,L (2054) St.Petersburg Rapid GP 2024 (3.1)}) 10... b5 11. Ne3 Bb7 $146 ({RR} 11... Rb8 12. h4 g4 13. Nh2 Kh7 14. d4 Qd7 15. dxe5 dxe5 16. Qxd7 Bxd7 17. Nf5 Nc8 18. Bd1 h5 19. f3 gxf3 20. Nxf3 Ng4 21. Nh2 Nxh2 22. Kxh2 Bxf5 23. exf5 Nd6 24. Rf1 Bf6 25. Bxh5 Bxh4 26. Rf3 {0-1 Vignesh,B (2250)-Quesada Vera,L (2386) Prague op-A 19th 2020 (9)}) 12. a4 a6 13. Bc2 d5 14. exd5 Nfxd5 15. Nxd5 Nxd5 16. Nxe5 Qd6 17. d4 Rae8 18. Nd3 Rxe1+ 19. Qxe1 Qc6 20. axb5 axb5 21. Qf1 b4 22. Ba4 Qd6 23. Nc5 Ba8 24. Bd2 bxc3 25. bxc3 Nf4 26. Bxf4 Qxf4 27. Qd3 Qd6 28. Bc2 Rd8 29. Re1 Qd5 30. Qf1 Qa2 31. Qe2 Qd5 32. Be4 Qd6 33. Bxa8 Rxa8 34. h3 Qd5 35. Qe7 Qc4 36. Ne4 Ra6 37. Qe8+ Kh7 38. Qd7 Kg6 39. Ng3 Rf6 40. Re3 Qa2 41. f3 Qb1+ 42. Kh2 Qc1 43. Qe7 h5 44. Qe4+ Kh6 45. Qd3 h4 46. Ne4 Re6 47. Nf2 Bf8 48. Rxe6+ fxe6 49. Ng4+ Kg7 50. Ne5 Bd6 51. Qg6+ Kh8 52. Qh6+ Kg8 53. Qxe6+ Kh7 54. Qf7+ Kh8 55. f4 Qxf4+ 56. Qxf4 gxf4 57. Nf7+ Kg7 58. Nxd6 cxd6 59. c4 Kf6 60. Kg1 Kf5 61. Kf2 1-0

[Event "45th Olympiad 2024"]
[Site "Budapest HUN"]
[Date "2024.09.15"]
[Round "5.61"]
[Board "4"]
[White "Bandara, Dhanushka"]
[Black "Schnell, Sebastian Narayana"]
[Result "1-0"]
[WhiteElo "1903"]
[BlackElo "2059"]
[PlyCount "85"]
[EventDate "2024.09.11"]
[WhiteTeam "Sri Lanka"]
[BlackTeam "Panama"]
[WhiteTeamCountry "SRI"]
[BlackTeamCountry "PAN"]

1. e4 c6 2. d4 d5 3. exd5 cxd5 4. Bd3 Nf6 5. h3 Nc6 6. c3 g6 7. Qc2 Bg7 8. Bf4 O-O 9. Nf3 Re8 ({RR} 9... Nd7 10. O-O e5 11. dxe5 Ndxe5 12. Nxe5 Nxe5 13. Be2 Qb6 14. Rd1 Bf5 15. Qb3 Qxb3 16. axb3 Rfd8 17. Na3 a6 18. Bxe5 Bxe5 19. Bf3 d4 20. cxd4 Bxd4 21. Rd2 Rd7 22. Rad1 Rad8 23. Kf1 Bxb2 24. Rxd7 {½-½ Aarav,D (2381)-Kovalevsky,S (2114) Titled Tue 30th Jul Late 2024 (4)}) 10. O-O Nh5 11. Bg5 $146 ({RR} 11. Be3 e5 12. dxe5 Nxe5 13. Nxe5 Bxe5 14. Nd2 Nf4 15. Nf3 Nxd3 16. Qxd3 Bf5 17. Qd2 Bg7 18. Bd4 Bf8 19. Qf4 Be4 20. Rfe1 Bd6 21. Qh6 Bf8 22. Qf4 Qd6 23. Qxd6 Bxd6 24. Nd2 Bf5 25. Rxe8+ Rxe8 {1-0 Bernotas,A (2366)-Nguyen,V (2444) Titled Tuesday intern op 14th April blitz 2020 (7)}) ({RR} 11. Bh2 e5 12. dxe5 Nxe5 13. Nxe5 Bxe5 14. Bxe5 Rxe5 15. Nd2 Ng7 16. Nf3 Rh5 17. Rfe1 Qf6 18. Qe2 Ne6 19. Qe3 Ng5 20. Nxg5 Qxg5 21. Qxg5 Rxg5 22. Re8+ Kg7 23. Kf1 f6 24. Rae1 Re5 25. R1xe5 fxe5 {½-½ Kalin,A (1288)-Spahiu,M (1196) Ohrid Lasker U20 op 2019 (4)}) ({RR} 11. Bh2 e5 12. dxe5 Nxe5 13. Nxe5 Bxe5 14. Bxe5 Rxe5 15. Nd2 Nf4 16. Nf3 Nxd3 17. Qxd3 Bf5 18. Qd2 Re7 19. Rfe1 Be4 20. Nd4 Qd7 21. f3 Bf5 22. Rxe7 Qxe7 23. Nxf5 gxf5 24. Qxd5 Rd8 25. Qxf5 Rd2 {1-0 Blanco Ronquillo,H (2442)-Dwilewicz,K (2131) Titled Tuesday intern op 12th Jul Early blitz 2022 (7)}) 11... Qc7 12. Re1 Bd7 13. Qd2 e5 14. dxe5 Nxe5 15. Nxe5 Bxe5 16. Na3 Bf4 17. Bxf4 Qxf4 18. Qxf4 Nxf4 19. Bf1 a6 20. Nc2 Bf5 21. Ne3 Be6 22. Rad1 Red8 23. Rd4 Nh5 24. Red1 b5 25. Nxd5 Bxd5 26. Rxd5 Rxd5 27. Rxd5 Nf4 28. Rd6 Kf8 29. c4 Ke7 30. Rb6 Rc8 31. g3 Ne6 32. cxb5 axb5 33. Rxb5 Rc1 34. Rb7+ Kf6 35. Kg2 Ng5 36. Bd3 Rd1 37. Bc4 Rd2 38. a4 Ne4 39. Rxf7+ Ke5 40. b3 Ra2 41. h4 h5 42. Bd3 Ke6 43. Rf4 1-0

[Event "45th Olympiad 2024"]
[Site "Budapest HUN"]
[Date "2024.09.15"]
[Round "5.62"]
[Board "1"]
[White "Chinchilla, Alejandro Jose"]
[Black "Siddharth, Jagadeesh"]
[Result "0-1"]
[WhiteElo "2113"]
[BlackElo "2514"]
[PlyCount "68"]
[EventDate "2024.09.11"]
[WhiteTeam "Honduras"]
[BlackTeam "Singapore"]
[WhiteTeamCountry "HON"]
[BlackTeamCountry "SIN"]

1. e4 c6 2. d4 d5 3. e5 Bf5 4. Nf3 e6 5. Be2 Nd7 6. O-O a5 7. a4 f6 8. c4 fxe5 9. dxe5 Bc5 10. cxd5 cxd5 11. Nd4 Ne7 12. g4 $146 ({RR} 12. Be3 O-O 13. Nc3 Qb6 14. f4 Nc6 15. Ncb5 Nxd4 16. Bxd4 Rac8 17. Bxc5 Rxc5 18. Kh1 g6 19. Nd4 Rc7 20. Bb5 Nc5 21. Nxf5 Rxf5 22. Qd4 Nd7 23. Qd2 Nc5 24. Qf2 Rf8 25. Rac1 Rfc8 26. Rc3 Qa7 {0-1 Kushagra,M (2367)-Durucay,U (2026) 14th Vojvodina Open 2024 (1.10)}) 12... Bxd4 13. Qxd4 Nc6 14. Qe3 Bg6 15. f4 O-O 16. Bd2 d4 17. Qh3 Qb6 18. Bc4 Ncxe5 19. fxe5 Nxe5 20. Na3 Qxb2 21. Bxe6+ Kh8 22. Ra2 Rxf1+ 23. Qxf1 Qb6 24. Bd5 Nxg4 25. Qb5 Qf6 26. Qf1 Qe5 27. Qg2 Ne3 28. Bxe3 dxe3 29. Nc4 Qd4 30. Nxe3 Qxe3+ 31. Kh1 Qe1+ 32. Qg1 Be4+ 33. Bxe4 Qxe4+ 34. Qg2 Qb1+ 0-1

[Event "45th Olympiad 2024"]
[Site "Budapest HUN"]
[Date "2024.09.15"]
[Round "5.62"]
[Board "2"]
[White "Wong, Zhenyong Jayden"]
[Black "Gavarrete, Joel"]
[Result "1-0"]
[WhiteElo "2397"]
[BlackElo "2059"]
[PlyCount "49"]
[EventDate "2024.09.11"]
[WhiteTeam "Singapore"]
[BlackTeam "Honduras"]
[WhiteTeamCountry "SIN"]
[BlackTeamCountry "HON"]

1. d4 Nf6 2. c4 e6 3. Nf3 d5 4. g3 Be7 5. Bg2 O-O 6. O-O c6 7. Qc2 Nbd7 8. Nbd2 b6 9. e4 dxe4 10. Nxe4 Nxe4 11. Qxe4 Ba6 12. b3 ({RR} 12. Qc2 Qc7 13. Rd1 Rad8 14. Bf4 Qc8 15. c5 bxc5 16. dxc5 Nf6 17. Bd6 Bxd6 18. cxd6 Nd5 19. Ng5 f5 20. Qc5 Rf6 21. Rac1 h6 22. Nf3 Be2 23. Rxd5 exd5 24. Nd4 Qa6 25. Re1 Bd3 26. Ne6 Rd7 {½-½ Jumabayev,R (2612)-Yakubboev,N (2482) Sharjah Masters 2nd 2018 (3)}) 12... Rc8 13. Rd1 Re8 14. Bf4 Bf6 $146 ({RR} 14... Bb7 15. a3 a5 16. Qb1 Ra8 17. c5 Bf6 18. Ra2 b5 19. Bd6 Be7 20. Bxe7 Qxe7 21. b4 axb4 22. axb4 Rxa2 23. Qxa2 Ra8 24. Qb2 Qd8 25. Ra1 Rxa1+ 26. Qxa1 Qa8 27. Qxa8+ Bxa8 28. Nd2 Nf6 29. Nb3 {1-0 Pigott,J (2326)-Arun,N (1808) Reykjavik Open 2024 (9.79)}) 15. Rac1 c5 16. dxc5 e5 17. Be3 bxc5 18. Rd6 Re6 19. Rcd1 Rc7 20. Rxe6 fxe6 21. Nxe5 Bb7 22. Qg4 Bxe5 23. Qxe6+ Kh8 24. Bxb7 Rxb7 25. Qxe5 1-0

[Event "45th Olympiad 2024"]
[Site "Budapest HUN"]
[Date "2024.09.15"]
[Round "5.62"]
[Board "3"]
[White "Soliz Gabarrete, Luis Fernando"]
[Black "Goh, Wei Ming Kevin"]
[Result "0-1"]
[WhiteElo "1920"]
[BlackElo "2449"]
[PlyCount "68"]
[EventDate "2024.09.11"]
[WhiteTeam "Honduras"]
[BlackTeam "Singapore"]
[WhiteTeamCountry "HON"]
[BlackTeamCountry "SIN"]

1. e4 c5 2. Nf3 d6 3. c3 Nf6 4. h3 Bd7 5. Bd3 Bc6 6. Qe2 Nbd7 7. Bc2 Ne5 8. d4 Nxf3+ 9. Qxf3 e6 10. O-O Be7 $146 ({RR} 10... d5 11. e5 Ne4 12. Be3 Qh4 13. a3 h5 14. b4 cxd4 15. Bxd4 g5 16. Bxe4 dxe4 17. Qg3 Be7 18. Nd2 Qf4 19. Be3 Qf5 20. Rfe1 O-O-O 21. Nb3 Rd3 22. Nd4 Qg6 23. Red1 g4 24. h4 Ba4 25. Rxd3 {0-1 Ceres,D (2407)-Williams,S (2464) Titled Tuesday intern op 13th Sep Early blitz 2022 (8)}) 11. Rd1 Qc8 12. d5 Bd7 13. dxe6 Bxe6 14. Ba4+ Nd7 15. Bf4 Qc7 16. Qg3 O-O-O 17. Bxd6 Bxd6 18. Qxd6 Qxd6 19. Rxd6 Ne5 20. Rxd8+ Rxd8 21. Bc2 Nd3 22. b3 Nf4 23. Kf1 b5 24. Na3 b4 25. cxb4 cxb4 26. Nc4 Bxc4+ 27. bxc4 Rd2 28. Bb3 a5 29. Rd1 Rxd1+ 30. Bxd1 Kc7 31. g3 Nd3 32. Ba4 Nc1 33. Bb3 Nxb3 34. axb3 a4 0-1

[Event "45th Olympiad 2024"]
[Site "Budapest HUN"]
[Date "2024.09.15"]
[Round "5.62"]
[Board "4"]
[White "Chia, Yu Zhe Ashton"]
[Black "Zuniga Garcia, German"]
[Result "1/2-1/2"]
[WhiteElo "2224"]
[BlackElo "1877"]
[PlyCount "89"]
[EventDate "2024.09.11"]
[WhiteTeam "Singapore"]
[BlackTeam "Honduras"]
[WhiteTeamCountry "SIN"]
[BlackTeamCountry "HON"]

1. e4 c5 2. Nc3 e6 3. d4 cxd4 4. Qxd4 Nc6 5. Qe3 Nge7 $146 ({RR} 5... Nf6 6. Bd2 b6 7. O-O-O Bc5 8. Qg5 O-O 9. f4 d5 10. exd5 Nxd5 11. Nf3 Ne3 12. Re1 Nxf1 13. Qxd8 Rxd8 14. Rhxf1 Ba6 15. Rh1 Nd4 16. Nxd4 Bxd4 17. Ne2 Bxb2+ 18. Kxb2 Rxd2 19. Nc3 Bb7 20. Re2 {0-1 Magnusson,G-Weigand,A (2036) Reykjavik Open 2024 (7.78)}) ({RR} 5... Nf6 6. Nf3 Bb4 7. Bd2 d6 8. h3 O-O 9. O-O-O e5 10. Bd3 Be6 11. a3 Bc5 12. Qg5 Bxf2 13. Nd5 Bxd5 14. exd5 h6 {0-1 Lagarde,M (2607)-Caruana,F (2786) Titled Tue 12th Sep Early 2023 (4)}) ({RR} 5... a6 6. Bd2 Nf6 7. f4 d6 8. O-O-O Qc7 9. Nf3 g6 10. Kb1 Ng4 11. Qe1 Bg7 12. h3 Nf6 13. g4 O-O 14. Qg3 d5 15. e5 Ne4 16. Nxe4 dxe4 17. Ng5 Rd8 18. Bg2 f5 19. exf6 Bxf6 20. Nxe4 {1-0 Magnusson,G-Brade,H (1771) Reykjavik Open 2024 (1.180)}) ({RR} 5... Nf6 6. e5 Ng4 7. Qg3 Ngxe5 8. Bf4 Ng6 9. Bc7 Qf6 10. O-O-O d5 11. Nb5 a6 12. Nd6+ Bxd6 13. Bxd6 Nge7 14. Qa3 O-O 15. f4 Re8 16. Nf3 Nf5 17. Be5 Nxe5 18. fxe5 Qe7 19. Qc3 Bd7 20. Qe1 {0-1 Angelov,G (2218)-Colovic,A (2450) Sunny Beach op 10th 2011 (5)}) 6. Qg3 d5 7. Bf4 dxe4 8. Rd1 Qa5 9. Bc7 Nf5 10. Bxa5 Nxg3 11. hxg3 Nxa5 12. Bb5+ Ke7 13. Nxe4 a6 14. Be2 g6 15. c3 Bg7 16. f4 b5 17. Kf2 Bb7 18. Nc5 Bd5 19. Bf3 Nc4 20. Bxd5 exd5 21. b3 Nd6 22. Rxd5 Rac8 23. Nf3 Bxc3 24. Rhd1 Rhd8 25. Ke2 a5 26. Ng5 h6 27. Nge4 Nxe4 28. Nxe4 Rxd5 29. Rxd5 Bb4 30. Re5+ Kf8 31. a3 Bxa3 32. Rxb5 Bb4 33. g4 Rc2+ 34. Kf3 Rb2 35. Nf6 Rxb3+ 36. Ke4 a4 37. Rb8+ Kg7 38. Ne8+ Kf8 39. Nf6+ Kg7 40. Ne8+ Kf8 41. Nf6+ Kg7 42. Ne8+ Kf8 43. Nf6+ Kg7 44. Ne8+ Kf8 45. Nf6+ 1/2-1/2

[Event "45th Olympiad 2024"]
[Site "Budapest HUN"]
[Date "2024.09.15"]
[Round "5.63"]
[Board "1"]
[White "Cori, Jorge"]
[Black "Aziz, Husain"]
[Result "1/2-1/2"]
[WhiteElo "2609"]
[BlackElo "2340"]
[PlyCount "66"]
[EventDate "2024.09.11"]
[WhiteTeam "Peru"]
[BlackTeam "Qatar"]
[WhiteTeamCountry "PER"]
[BlackTeamCountry "QAT"]

1. c4 e6 2. Nf3 d5 3. e3 Nf6 4. Nc3 c5 5. cxd5 exd5 6. d4 Nc6 7. Bb5 cxd4 8. exd4 Be7 9. Bxc6+ bxc6 10. Ne5 O-O 11. O-O Bb7 12. Be3 Nd7 13. Nxd7 $146 ({RR} 13. f4 f6 14. Nd3 Ba6 15. Rf3 Nb6 16. b3 Bd6 17. Nc5 Bxc5 18. dxc5 Nd7 19. Bd4 Re8 20. Rg3 Rb8 21. Qg4 Qe7 22. Rb1 g6 23. f5 g5 24. h4 h6 25. Qh5 Qg7 26. hxg5 hxg5 27. Be3 Qh7 {0-1 Mo,M (1483)-Mah,S (1667) Northern Alberta op 2015 (5)}) 13... Qxd7 14. Rc1 Bd6 15. Na4 Qf5 16. Nc5 Bc8 17. Qd2 h5 18. Nd3 Ba6 19. Rfd1 Bxd3 20. Qxd3 Qxd3 21. Rxd3 Rfc8 22. Rdc3 Rab8 23. Rxc6 Rxc6 24. Rxc6 Rxb2 25. g4 Bb4 26. Ra6 hxg4 27. Rxa7 Bd2 28. a4 Bxe3 29. fxe3 Re2 30. Ra8+ Kh7 31. Re8 Ra2 32. Ra8 Re2 33. Re8 Ra2 1/2-1/2

[Event "45th Olympiad 2024"]
[Site "Budapest HUN"]
[Date "2024.09.15"]
[Round "5.63"]
[Board "2"]
[White "Erfan, Mohamad Firdaus"]
[Black "Leiva, Gianmarco"]
[Result "0-1"]
[WhiteElo "1758"]
[BlackElo "2389"]
[PlyCount "86"]
[EventDate "2024.09.11"]
[WhiteTeam "Qatar"]
[BlackTeam "Peru"]
[WhiteTeamCountry "QAT"]
[BlackTeamCountry "PER"]

1. d4 Nf6 2. c4 e6 3. Nc3 Bb4 4. e3 O-O 5. Bd3 d5 6. a3 Bxc3+ 7. bxc3 dxc4 8. Bxc4 c5 9. Ne2 Qc7 10. Bd3 b6 11. O-O Bb7 12. f3 e5 13. e4 ({RR} 13. Bb2 Nc6 14. Rc1 Qe7 15. e4 cxd4 16. cxd4 Nxd4 17. Nxd4 exd4 18. Qd2 Rac8 19. Rxc8 Rxc8 20. Rc1 Rxc1+ 21. Qxc1 Qc5 22. Qf4 Nd7 23. Qd2 Ne5 24. Kf2 h6 25. Kg3 Qd6 26. Kf2 Qc5 27. h4 Bc8 {0-1 Klymchuk,A (2405)-Kunal,M (2250) Titled Tue 20th Feb Early 2024 (5)}) 13... cxd4 14. cxd4 exd4 15. Ng3 $146 ({RR} 15. Bb2 Nc6 16. Rc1 Qe5 17. Qa4 Qd6 18. Rfd1 Nd7 19. Bb5 Nc5 20. Qc4 d3 21. Qc3 Qh6 22. Ng3 Ne7 23. Qe5 Ng6 24. Nf5 Nxe5 25. Nxh6+ gxh6 26. Bxe5 Rfd8 27. Bf6 Rdc8 28. Bxd3 Nxd3 29. Rxc8+ Bxc8 {½-½ Gaw,C (1911)-Li,M (1708) 15th Foxwoods Open 2023 (7)}) 15... Nc6 16. Bg5 Nd7 17. f4 f6 18. e5 Ndxe5 19. fxe5 fxg5 20. Qh5 g6 21. Bxg6 Nxe5 22. Be4 Bxe4 23. Nxe4 Qg7 24. Nxg5 Qg6 25. Rxf8+ Rxf8 26. Qxg6+ hxg6 27. Ne6 Rf7 28. Nxd4 Rd7 29. Ne2 Rd2 30. Nf4 g5 31. Ne6 g4 32. a4 Kf7 33. Nc7 Nd3 34. Nb5 Kg6 35. Nxa7 Nf4 36. Rf1 Kg5 37. Rf2 Rd1+ 38. Rf1 Rd4 39. Nc8 Nd5 40. Rb1 Nc3 41. Rxb6 Rxa4 42. Rb2 Ra1+ 43. Kf2 Nd1+ 0-1

[Event "45th Olympiad 2024"]
[Site "Budapest HUN"]
[Date "2024.09.15"]
[Round "5.63"]
[Board "3"]
[White "Flores Quillas, Diego Saul Rodri"]
[Black "Al Qassabi, Mohammed"]
[Result "1-0"]
[WhiteElo "2451"]
[BlackElo "1521"]
[PlyCount "83"]
[EventDate "2024.09.11"]
[WhiteTeam "Peru"]
[BlackTeam "Qatar"]
[WhiteTeamCountry "PER"]
[BlackTeamCountry "QAT"]

1. e4 e5 2. Nf3 Nc6 3. c3 Nf6 4. d4 exd4 5. e5 Nd5 6. Qb3 Nb6 7. cxd4 d6 8. Bb5 Be6 9. Bxc6+ ({RR} 9. Qd1 Be7 10. Nc3 Nd5 11. O-O O-O 12. Ne4 Bg4 13. Bxc6 bxc6 14. h3 Bh5 15. Ng3 Bg6 16. Qa4 Qd7 17. Bd2 Rfb8 18. b3 a5 19. Rac1 Rb6 20. Qc4 h6 21. Rfe1 Bf8 22. Kh2 Qc8 23. Nh4 Bh7 {½-½ Rozman,L (2322)-Grischuk,A (2719) Titled Tue 25th Jun Late 2024 (5)}) 9... bxc6 10. Qc2 $146 ({RR} 10. Qc3 c5 11. exd6 cxd6 12. dxc5 dxc5 13. O-O Nd5 14. Qc2 Be7 15. Nc3 O-O 16. Rd1 Nb4 17. Qe2 Qc7 18. a3 Nc6 19. Be3 Rfd8 20. Rxd8+ Rxd8 21. Rd1 Ne5 22. Rxd8+ Bxd8 23. Nxe5 Qxe5 24. Qb5 Be7 {½-½ Kostelansky,K (1506)-Verbytskiy,P (1838) SVK-ch U14 Liptovsky Mikulas 2018 (5)}) 10... Bd5 11. Nc3 Be7 12. Nxd5 cxd5 13. Bf4 dxe5 14. Nxe5 Bb4+ 15. Kf1 Qf6 16. Qc6+ Qxc6 17. Nxc6 Bd6 18. Bxd6 cxd6 19. Nb4 Kd7 20. Ke2 Rhe8+ 21. Kd3 Rac8 22. Rhe1 a5 23. Rxe8 Rxe8 24. Nc2 Rc8 25. a4 Rb8 26. b3 Nc8 27. Kc3 Ne7 28. b4 axb4+ 29. Nxb4 Rc8+ 30. Kb3 Nc6 31. Nxc6 Rxc6 32. a5 Ra6 33. Kb4 Ra8 34. a6 Rb8+ 35. Ka5 Ra8 36. Rb1 Ke7 37. Rb7+ Ke6 38. a7 Kf5 39. f3 Kf4 40. Re7 Rc8 41. Kb6 Ra8 42. Kb7 1-0

[Event "45th Olympiad 2024"]
[Site "Budapest HUN"]
[Date "2024.09.15"]
[Round "5.63"]
[Board "4"]
[White "Al-Kuwari, Hamad"]
[Black "Delgado Romero, Marco"]
[Result "0-1"]
[WhiteElo "1571"]
[BlackElo "2390"]
[PlyCount "96"]
[EventDate "2024.09.11"]
[WhiteTeam "Qatar"]
[BlackTeam "Peru"]
[WhiteTeamCountry "QAT"]
[BlackTeamCountry "PER"]

1. e4 g6 2. d4 Bg7 3. Nf3 d6 4. Bc4 Nf6 5. Nc3 O-O 6. O-O Bg4 7. h3 Bxf3 8. Qxf3 Nc6 9. Be3 e5 10. d5 Ne7 11. Bg5 Nd7 12. Qe3 f6 13. Bh4 a6 14. a4 $146 ({RR} 14. Ne2 Qe8 15. a4 Kh8 16. Bg3 f5 17. f4 fxe4 18. fxe5 Nf5 19. Rxf5 Rxf5 20. exd6 Ne5 21. Bxe5 Qxe5 22. c3 Qxd6 23. Nd4 Bxd4 24. Qxd4+ Qe5 25. Qe3 Raf8 26. Re1 Re8 27. Bb3 Qf4 28. Qd4+ Rf6 {0-1 Hernandez Graterol,Z (2046)-Hernandez Estevez,Y (2262) Olympiad Women-37 2006 (2)}) 14... Qe8 15. b4 h5 16. Ne2 Kh7 17. Qd3 a5 18. c3 Nb6 19. Bb3 c6 20. f4 cxd5 21. exd5 Nf5 22. Bf2 e4 23. Qd1 e3 24. Be1 Qe4 25. Qc2 Qxc2 26. Bxc2 Rfc8 27. b5 Rc5 28. Bxf5 gxf5 29. Nd4 Rxd5 30. Rf3 Re8 31. Kf1 Nc4 32. Ke2 Bh6 33. Kd3 Rc5 34. Nxf5 Nb2+ 35. Kc2 Rxf5 36. Kxb2 Rxf4 37. Rxf4 Bxf4 38. Kc2 Rg8 39. Kd3 Rxg2 40. Ke4 Bg5 41. Rd1 Rg1 42. Kf3 Bh4 43. Rxd6 Rxe1 44. Rd7+ Kg6 45. Rxb7 Bg5 46. Rc7 Rf1+ 47. Ke2 Rf2+ 48. Ke1 Rc2 0-1

[Event "45th Olympiad 2024"]
[Site "Budapest HUN"]
[Date "2024.09.15"]
[Round "5.64"]
[Board "1"]
[White "Murphy, Jones"]
[Black "Barbaria, Yacine"]
[Result "0-1"]
[WhiteElo "2021"]
[BlackElo "2179"]
[PlyCount "84"]
[EventDate "2024.09.11"]
[WhiteTeam "Dominica"]
[BlackTeam "Tunisia"]
[BlackTeamCountry "TUN"]

1. e4 d5 2. exd5 Qxd5 3. Nc3 Qa5 4. d4 c6 5. Nf3 Nf6 6. Bc4 Bg4 7. Bd2 e6 8. h3 Bh5 9. g4 Bg6 10. Ne5 Nbd7 11. Nxg6 hxg6 12. Qf3 Bb4 13. O-O-O Nb6 $146 ({RR} 13... Qc7 14. Rhe1 Nb6 15. Bb3 O-O-O 16. g5 Nfd5 17. Nxd5 Bxd2+ 18. Rxd2 cxd5 19. c3 Kb8 20. Rg1 Rd6 21. Rg4 a5 22. a3 a4 23. Ba2 Rc6 24. Rf4 Rxh3 25. Qxh3 Qxf4 26. Qg3 Qxg3 27. fxg3 Nc8 28. Rf2 {½-½ Firouzja,A (2737)-Nakamura,H (2794) Bullet Chess Winners 2024 (6.10)}) 14. Bb3 Nbd5 15. Ne4 Bxd2+ 16. Rxd2 Nxe4 17. Qxe4 O-O-O 18. c4 Nf6 19. Qf3 Qg5 20. Kc2 e5 21. Rhd1 e4 22. Qg2 Qf4 23. g5 Nh5 24. Re1 Rhe8 25. Kc3 e3 26. fxe3 Rxe3+ 27. Rxe3 Qxe3+ 28. Kc2 Rxd4 29. Rxd4 Qxd4 30. Qg4+ Qxg4 31. hxg4 Nf4 32. c5 f5 33. gxf6 gxf6 34. Kc3 Kd7 35. Bc4 Ke7 36. b4 Nd5+ 37. Bxd5 cxd5 38. Kd4 Ke6 39. b5 f5 40. gxf5+ gxf5 41. c6 bxc6 42. bxc6 f4 0-1

[Event "45th Olympiad 2024"]
[Site "Budapest HUN"]
[Date "2024.09.15"]
[Round "5.64"]
[Board "2"]
[White "Ben Ammar, Mohamed"]
[Black "Bridet, Robert"]
[Result "1-0"]
[WhiteElo "2143"]
[BlackElo "1697"]
[PlyCount "81"]
[EventDate "2024.09.11"]
[WhiteTeam "Tunisia"]
[BlackTeam "Dominica"]
[WhiteTeamCountry "TUN"]

1. d4 e6 2. Nf3 Nf6 3. g3 Nc6 4. Bg2 d5 5. O-O Be7 6. c4 O-O 7. b3 h6 ({RR} 7... Ne4 8. Bb2 Bd7 9. Nc3 Be8 10. Nxe4 dxe4 11. Nd2 Nxd4 12. Nxe4 Nf5 13. Nc3 c6 14. e4 Nh6 15. e5 Nf5 16. Qxd8 Rxd8 17. Rad1 Nd4 18. Nb1 c5 19. Bxb7 f6 20. exf6 Bxf6 21. Bxd4 Bxd4 22. Kg2 {½-½ Caruana,F (2767)-Radulski,J (2552) EU-ch 13th Plovdiv 2012 (4)}) 8. Bb2 Na5 ({RR} 8... b6 9. Nc3 Ba6 10. Ne5 Bb7 11. e3 a6 12. Rc1 Qd6 13. f4 Rfe8 14. g4 Bf8 15. h4 Nd7 16. cxd5 Ncxe5 17. fxe5 Qb4 18. dxe6 Bxg2 19. exf7+ Kh7 20. Qd3+ Kh8 21. Kxg2 Nxe5 22. fxe8=Q Rxe8 23. Qe4 {1-0 Clark,G (2278)-Phillips,D (1825) BCF-chT2 S5 (4NCL) online 2022 (4.22)}) 9. Bc3 $146 ({RR} 9. c5 b6 10. Bc3 {½-½ Drcelic,S (2223)-Rikalovic,M (2058) SRB-chT2 West 2009 (10.3)}) 9... c6 10. Ne5 Nd7 11. Nxd7 Bxd7 12. Qe1 b6 13. Nd2 Nb7 14. e4 dxe4 15. Qxe4 Nd6 16. Qc2 Rc8 17. Rad1 Bf6 18. Nf3 Qc7 19. Rfe1 a5 20. Qd2 Rfd8 21. h4 Nf5 22. Qc2 b5 23. Bh3 b4 24. Bb2 Qa7 25. Ne5 Ne7 26. Ng4 Be8 27. Nxf6+ gxf6 28. d5 cxd5 29. Bxf6 dxc4 30. Rxd8 Rxd8 31. bxc4 Rd6 32. h5 Qc5 33. Bxe7 Qd4 34. Bxd6 Qxd6 35. Bg2 a4 36. c5 Qa6 37. c6 b3 38. axb3 axb3 39. Qxb3 Bxc6 40. Qb8+ Kg7 41. Qd6 1-0

[Event "45th Olympiad 2024"]
[Site "Budapest HUN"]
[Date "2024.09.15"]
[Round "5.64"]
[Board "3"]
[White "Francis, Nigel"]
[Black "Meftahi, Houssem"]
[Result "0-1"]
[WhiteElo "1775"]
[BlackElo "2112"]
[PlyCount "102"]
[EventDate "2024.09.11"]
[WhiteTeam "Dominica"]
[BlackTeam "Tunisia"]
[BlackTeamCountry "TUN"]

1. e4 c5 2. Nf3 Nc6 3. Bb5 e6 4. Bxc6 bxc6 5. e5 f6 6. d3 fxe5 7. Nxe5 Qf6 ({RR} 7... Nf6 8. O-O d6 9. Nc4 Be7 10. f4 O-O 11. Nc3 Nd5 12. Qe2 Bf6 13. Bd2 Rb8 14. Rae1 Re8 15. Ne4 Be7 16. b3 Nf6 17. Ng5 Bf8 18. Bc3 h6 19. Nf3 Nd5 20. Bb2 Nxf4 21. Qf2 e5 22. Nfxe5 {1-0 Toropov,P (2336)-Smith,G (2047) Titled Tue 25th Apr Early 2023 (3)}) 8. Qe2 Ne7 9. Na3 $146 ({RR} 9. Nc3 Nf5 10. Nf3 d5 11. Bg5 Qg6 12. h4 Bd6 13. h5 Qf7 14. Ne5 Qc7 15. Nf3 Nd4 16. Nxd4 cxd4 17. Nb1 O-O 18. Nd2 Qa5 19. O-O e5 20. Bh4 Bf5 21. Bg3 Rae8 22. a3 Qd8 23. Qd1 Qg5 {0-1 Bossi,A (1956)-Ciuffoletti,P (2112) Arvier Spring op-A 2017 (3)}) 9... Nf5 10. c3 Bd6 11. Nac4 Bc7 12. h4 g6 13. Ng4 Qg7 14. Bg5 O-O 15. h5 h6 16. Bd2 g5 17. O-O-O d6 18. Nce3 e5 19. Nc4 Ne7 20. Nge3 Be6 21. g3 Nd5 22. b3 a5 23. Nb2 Qf7 24. Rdf1 Qf3 25. Qxf3 Rxf3 26. Nc2 Raf8 27. Ne1 Rxf2 28. Rxf2 Rxf2 29. Nd1 Rf8 30. Ng2 Rf3 31. Nge3 Rxg3 32. Nxd5 Bxd5 33. Rf1 Rf3 34. Re1 Kg7 35. Ne3 Bf7 36. Rh1 Be6 37. Kd1 d5 38. Ke2 Rf8 39. Rg1 Ra8 40. Ng4 a4 41. b4 cxb4 42. cxb4 Bb6 43. Rg2 Bd4 44. Kd1 Rf8 45. Ke2 e4 46. dxe4 dxe4 47. Ne3 Bxa2 48. Rf2 Rxf2+ 49. Kxf2 Be6 50. Ke1 a3 51. Nc2 a2 0-1

[Event "45th Olympiad 2024"]
[Site "Budapest HUN"]
[Date "2024.09.15"]
[Round "5.64"]
[Board "4"]
[White "Taieb, Sahbi"]
[Black "Auguiste, Lyndon"]
[Result "1-0"]
[WhiteElo "2118"]
[BlackElo "1697"]
[PlyCount "47"]
[EventDate "2024.09.11"]
[WhiteTeam "Tunisia"]
[BlackTeam "Dominica"]
[WhiteTeamCountry "TUN"]

1. d4 Nf6 2. c4 e6 3. Nc3 Bb4 4. e3 Ne4 5. Qc2 Bxc3+ 6. bxc3 f5 7. Bd3 Nf6 8. Nf3 c6 $146 ({RR} 8... O-O 9. O-O d6 10. h3 b6 11. Bd2 Nc6 12. Rfd1 Nh5 13. Bc1 Bb7 14. Bb2 Na5 15. a4 Bxf3 16. gxf3 Rf6 17. f4 Rg6+ 18. Kh2 Nc6 19. Be2 Qh4 20. Bd3 Nxf4 21. exf4 Qxf4+ 22. Kh1 Qf3+ {0-1 Layug,A-Patrick,M CalChess Season opener 1993}) ({RR} 8... O-O 9. O-O b6 10. Nd2 Bb7 11. f3 d6 12. e4 f4 13. Ba3 Re8 14. e5 dxe5 15. dxe5 Nfd7 16. Bxh7+ Kh8 17. Bg6 Rg8 18. Bf7 Rf8 19. Qg6 Rxf7 20. Qxf7 Nc6 21. Qxf4 Ndxe5 22. Rad1 Qf6 23. Qxf6 {1-0 Okamura,M (1974)-Machado,W (1386) American Continental 15th 2019 (6)}) 9. O-O d6 10. Nd2 d5 11. Ba3 Qc7 12. f3 Nbd7 13. Rae1 c5 14. e4 dxe4 15. fxe4 Ng4 16. Nf3 O-O 17. exf5 exf5 18. Bxf5 Rxf5 19. Qxf5 Ngf6 20. Qe6+ Kh8 21. Qe8+ Ng8 22. Ng5 h6 23. Qxg8+ Kxg8 24. Re8+ 1-0